Orquídeas de la región de Valparaíso

Guardat en:
Dades bibliogràfiques
Autor principal: Elórtegui Francioli, Sergio (Autor)
Altres autors: Novoa Quezada, Patricio (autor)
Format: Llibre
Idioma:espanyol
Publicat: Viña del Mar Sergio Elórtegui Francioli 2009
Matèries:
Etiquetes: Afegir etiqueta
Sense etiquetes, Sigues el primer a etiquetar aquest registre!

MARC

LEADER 00000cam a2200000 a 4500
001 UCF6976
003 CL-VaPUC
008 130530e20090000CL |||||||||||||||||spa|d
020 |a 9789568201074 
082 0 4 |a 580  |b ELO  |2 21 
100 |a Elórtegui Francioli, Sergio  |e author  |9 493566 
700 |a Novoa Quezada, Patricio  |e autor  |9 590426 
245 1 0 |a Orquídeas de la región de Valparaíso 
300 |a 83 p 
942 |c BK 
945 |d 20130530 00:00:00  |a dcastane 
260 |a Viña del Mar  |b Sergio Elórtegui Francioli  |c 2009 
650 0 |a Botánica  |9 264202 
650 7 |a ORQUIDEAS  |2 CL-VaPUC  |9 503481 
583 |a last modification  |c 20130530 09:49:00  |k Rodrigo Vera 
999 |c 351946  |d 351944 
952 |0 0  |1 0  |4 0  |6 580_000000000000000_ELO_2009  |7 0  |8 C  |9 456380  |a BIBCUR  |b BIBCUR  |d 2019-11-22  |i 4971922  |o 580 ELO 2009  |p 4971922  |r 2025-04-22  |w 2019-11-22  |y BK  |k CAC